000 00784nam a2200229 i 4500
001 57543
003 ES-MaACL
005 20250828061620.0
007 t|
008 031016s1961 sz ||||1| spa d
100 1 _aDomínguez C., Óscar.
_9153215
245 1 3 _aEl campesino chileno y la Acción Católica Rural /
_cpor Óscar Domínguez C.
260 _aFriburgo :
_bFeres,
_c1961.
300 _a88 p. ;
_c25 cm.
490 1 _aEstudios socio-religiosos latino-americanos ;
_v15
650 7 _aEducación rural-
_zChile
_2
_9153216
650 0 4 _aApostolado seglar
_99923
651 4 _aChile-
_xCondiciones rurales.
_9153217
830 0 _aEstudios socio-religiosos latino-americanos ;
_v15
_9183494
852 _aES-MaACL
_jC-20789
_bR.49122
999 _c57543
_d57543